[Event "Ch GSEU (open)"]
[Site "masterchessopen.com Saratov (Russia)"]
[Date "2008.09.13"]
[Round "4"]
[White "Likhoman Mikhail (RUS)"]
[Black "Kahramanov Bahtijar (RUS)"]
[Result "1-0"]
[WhiteElo "2232"]
[BlackElo "2021"]

1.Nf3 c5 2.c4 g6 3.d4 cxd4 4.Nxd4 Bg7 5.e4 Nc6 6.Nc2 d6 7.Be2 Nh6 8.O-O f5
9.exf5 Nxf5 10.Nc3 O-O 11.Bg5 Qb6 12.Rb1 h6 13.Bd2 Nfd4 14.Nd5 Qd8 15.Nxd4
Nxd4 16.Bd3 Bf5 17.Bc3 e5 18.Re1 Ne6 19.Qd2 Ng5 20.Ne3 Bh3 21.Bf1 Kh8 22.Qd5
Be6 23.Qxb7 Qf6 24.f3 a5 25.Rbd1 Qf4 26.Rxd6 Rab8 27.Qc6 Rbc8 28.Qb6 e4
29.Bxg7+ Kxg7 30.Rxe6 exf3 31.Rxg6+ Kf7 32.Rd1 fxg2 33.Bxg2 Ke7 34.Nd5+ {#r}
1-0

[Event "Tournament (juniors) (under 15) (g)"]
[Site "masterchessopen.com Lublin (Poland)"]
[Date "2008.09.17"]
[Round "2"]
[White "Ostrowska Dominika (POL)"]
[Black "Sieliwonik Katarzyna (POL)"]
[Result "1-0"]
[WhiteElo "1882"]
[BlackElo "1698"]

1.e4 c5 2.Nf3 Nc6 3.d4 cxd4 4.Nxd4 g6 5.c4 Bg7 6.Nc2 Nf6 7.Nc3 d6 8.Be2 Be6
9.O-O Rc8 10.Bd2 O-O 11.Ne3 Qd7 12.f4 Qc7 13.Ned5 Bxd5 14.cxd5 Qb6+ 15.Kh1 Na5
16.Na4 Qd8 17.Bd3 Nc4 18.Bc1 Nd7 19.Qe2 Qa5 20.Bxc4 Qxa4 21.Bb5 Rc2 22.Bxa4
Rxe2 23.Bxd7 Rxe4 24.Bg4 Rc4 25.Rb1 a6 26.h3 h5 27.Bf3 Rc7 28.f5 Be5 29.fxg6
fxg6 30.Bg5 {#r} 1-0

[Event "Extraliga 2008/09 (juniors)"]
[Site "masterchessopen.com Czech Republic"]
[Date "2008.10.04"]
[Round "0"]
[White "Krzyzanowski Marcin (POL)"]
[Black "Volcik Ludek (CZE)"]
[Result "1-0"]
[WhiteElo "2261"]
[BlackElo "1905"]

1.e4 c5 2.Nf3 Nc6 3.d4 cxd4 4.Nxd4 g6 5.c4 Bg7 6.Nc2 d6 7.Be2 Nf6 8.Nc3 O-O
9.O-O b6 10.Be3 Bb7 11.Rc1 Rc8 12.f3 Ne5 13.b3 Ned7 14.Qd2 Re8 15.Rfd1 Nc5
16.Qe1 Qc7 17.b4 Ncd7 18.Nd4 Ne5 19.a4 Qd7 20.Qf1 Nc6 21.Nxc6 Qxc6 22.c5 Qc7
23.cxb6 axb6 24.Nd5 Nxd5 25.exd5 Qb8 26.Bb5 Rxc1 27.Rxc1 Rc8 28.Bxb6 Bxd5
29.a5 Be6 30.Ba6 Rc3 31.Rxc3 Bxc3 32.Qb5 d5 33.Qc5 Qe5 34.Bf1 Qe1 35.a6 Bxb4
36.Qb5 Bd2 37.a7 Be3+ 38.Kh1 Bxb6 39.a8=Q+ {#r} 1-0

[Event "Ch France (team) (nat.2) 2008/09"]
[Site "masterchessopen.com France"]
[Date "2008.10.12"]
[Round "1"]
[White "Rouchouse Stevens (MNC)"]
[Black "Diaz Mickael (FRA)"]
[Result "1-0"]
[WhiteElo "2204"]
[BlackElo "2242"]

1.e4 c5 2.Nf3 Nc6 3.d4 cxd4 4.Nxd4 g6 5.c4 Bg7 6.Nc2 Nf6 7.Nc3 O-O 8.Be2 b6
9.O-O Bb7 10.Bg5 Rc8 11.b3 d6 12.Qd2 Nd7 13.Rad1 Nc5 14.Bh6 Qe8 15.Bxg7 Kxg7
16.Ne3 Ne6 17.Bg4 Rd8 18.Ncd5 Ne5 19.Bh3 Bxd5 20.Nxd5 f5 21.Qc3 Kg8 22.f4 Nc6
23.Rd3 Nc5 24.Re3 fxe4 25.b4 Na4 26.Be6+ Rf7 27.Bxf7+ Qxf7 28.Qc2 b5 29.Qxe4
bxc4 30.Qxc4 Rc8 31.b5 Nb2 32.Qb3 {#r} 1-0

[Event "It (cat.1) (a)"]
[Site "masterchessopen.com Budapest (Hungary)"]
[Date "2008.11.09"]
[Round "9"]
[White "Humphrey Jonathan (AUS)"]
[Black "Konnyu Janos (HUN)"]
[Result "0-1"]
[WhiteElo "2330"]
[BlackElo "2316"]

1.e4 c5 2.Nf3 Nc6 3.d4 cxd4 4.Nxd4 g6 5.c4 Bg7 6.Nc2 Nf6 7.Nc3 d6 8.Be2 O-O
9.O-O a5 10.Be3 a4 11.f3 Nd7 12.Qd2 Qa5 13.Na3 Nc5 14.Nab5 Be6 15.f4 Qb4 16.a3
Qb3 17.Nc7 Rac8 18.Nxe6 Nxe6 19.Rac1 Bd4 20.Nd1 Qb6 21.Kh1 Na5 22.Bxd4 Nxd4
23.Rc3 Nxe2 24.Qxe2 Qd4 25.Rd3 Qxc4 26.Nc3 Nb3 27.Qd1 b5 28.Nd5 Rce8 29.Re1
Kg7 30.f5 Kh8 31.f6 exf6 32.Nxf6 Re6 33.Rxd6 Rxd6 34.Qxd6 Rc8 35.Nd5 Qd4
36.Rf1 Nd2 37.e5 Ne4 {#R} 0-1

[Event "Ch France (team) (nat.2) 2008/09"]
[Site "masterchessopen.com France"]
[Date "2008.12.14"]
[Round "4"]
[White "Becht Lucas (FRA)"]
[Black "Schulz Vladimir (FRA)"]
[Result "1-0"]
[WhiteElo "2202"]
[BlackElo "2205"]

1.e4 c5 2.Nf3 Nc6 3.d4 cxd4 4.Nxd4 g6 5.c4 Bg7 6.Nc2 Nh6 7.Be2 O-O 8.O-O f5
9.exf5 Nxf5 10.Nc3 Nfd4 11.Nxd4 Nxd4 12.Be3 Nxe2+ 13.Qxe2 Rf5 14.Rad1 b6
15.Rfe1 Bb7 16.Bd4 e6 17.Bxg7 Kxg7 18.Qd3 Qg5 19.Qxd7+ Rf7 20.Qd4+ Kg8 21.Ne4
Bxe4 22.Qxe4 Qf5 23.Qxa8+ {#r} 1-0

[Event "Ch CFO (team)"]
[Site "masterchessopen.com Elets (Russia)"]
[Date "2008.12.17"]
[Round "1"]
[White "Novikov Maxim (RUS)"]
[Black "Popov Yuri N (RUS)"]
[Result "1-0"]
[WhiteElo "2518"]
[BlackElo "2375"]

1.e4 c5 2.Nf3 g6 3.c4 Nc6 4.d4 cxd4 5.Nxd4 Bg7 6.Nc2 Nh6 7.Nc3 O-O 8.Be2 f5
9.O-O Kh8 10.Bg5 Nf7 11.Be3 fxe4 12.Qd2 d6 13.Nd4 e5 14.Nxc6 bxc6 15.Rfd1 Qe7
16.Nxe4 Rd8 17.Bg5 Nxg5 18.Qxg5 Bf8 19.Bf3 Bb7 20.Rac1 Rac8 21.Qe3 d5 22.Ng5
Bh6 23.Nf7+ Qxf7 24.Qxh6 e4 25.Bg4 Rc7 26.Qe3 Re7 27.cxd5 cxd5 28.Qxa7 d4
29.Rxd4 Ra8 30.Qc5 h5 31.Bh3 Rxa2 32.Qc3 Kh7 33.Rcd1 Ba6 34.Rd6 Rb7 35.Be6
{#r} 1-0

[Event "Ch Udmurtia"]
[Site "masterchessopen.com Izhevsk (Russia)"]
[Date "2008.12.21"]
[Round "11"]
[White "Severiukhina Zoja (RUS)"]
[Black "Lykov Sergey (RUS)"]
[Result "1-0"]
[WhiteElo "2318"]
[BlackElo "2251"]

1.e4 c5 2.Nf3 Nc6 3.d4 cxd4 4.Nxd4 g6 5.c4 Bg7 6.Nc2 d6 7.Be2 Nf6 8.Nc3 O-O
9.O-O Nd7 10.Bd2 Nc5 11.b4 Bxc3 12.Bxc3 Nxe4 13.Bb2 Be6 14.b5 Ne5 15.Qd4 Nf6
16.f4 Ned7 17.g4 Qb6 18.f5 Bxc4 19.Bxc4 Rac8 20.Ne3 Ne5 21.Be2 g5 22.Qxb6 axb6
23.Bd4 Ned7 24.Bf3 Rc7 25.h4 h6 26.hxg5 hxg5 27.Nd5 Nxd5 28.Bxd5 Rfc8 29.Rae1
Nc5 30.Re2 Kf8 31.Rh2 f6 32.Re1 Kg7 33.Re3 Na4 34.Reh3 Rc1+ 35.Kg2 {#r} 1-0

[Event "Cup Asian Club"]
[Site "masterchessopen.com Al Ain (United Arab Emirates)"]
[Date "2008.12.26"]
[Round "2"]
[White "Sadorra Julio Catalino (PHI)"]
[Black "Jobava Baadur (GEO)"]
[Result "0-1"]
[WhiteElo "2431"]
[BlackElo "2664"]

1.Nf3 c5 2.c4 Nc6 3.d4 cxd4 4.Nxd4 g6 5.e4 Bg7 6.Nc2 Nf6 7.Nc3 O-O 8.Be2 b6
9.O-O Bb7 10.Bg5 Rc8 11.f3 h6 12.Be3 Kh7 13.Qe1 Ne8 14.Rd1 Nd6 15.Kh1 f5 16.c5
bxc5 17.Bxc5 fxe4 18.Bxd6 exf3 19.Bxf3 exd6 20.Rxd6 Ba6 21.Rf2 Qg5 22.Be4 Kh8
23.Rxg6 Qh5 24.Ne3 Rxf2 25.Qxf2 Rf8 26.Qd2 Ne5 27.Rxa6 Nc4 28.Qe2 Nxe3 29.Bf3
Qc5 30.Nd1 Nxd1 31.Qxd1 Re8 32.Ra4 d5 33.Bh5 Re5 34.h4 Qf2 35.Kh2 Re3 {#R} 0-1

[Event "It (open)"]
[Site "masterchessopen.com L'Hospitalet de Llobregat (Spain)"]
[Date "2008.12.27"]
[Round "1"]
[White "Khaidorov Viacheslav (ESP)"]
[Black "Alcaraz Lopez Francesc (ESP)"]
[Result "1-0"]
[WhiteElo "2232"]
[BlackElo "1907"]

1.e4 c5 2.Nf3 Nc6 3.d4 cxd4 4.Nxd4 g6 5.c4 Bg7 6.Nc2 Nf6 7.Nc3 O-O 8.Be3 d6
9.Be2 Bd7 10.O-O Rc8 11.f3 Ne5 12.b3 a6 13.a4 Bc6 14.Qd2 Ned7 15.a5 Nc5 16.Ra3
Ne6 17.b4 Ra8 18.Kh1 Nc7 19.Rd1 Re8 20.Bf1 Qc8 21.Nd4 Rd8 22.Nd5 Ncxd5 23.exd5
Be8 24.Bh6 Nd7 25.Bxg7 Kxg7 26.Qg5 Nf6 27.Re3 h6 28.Qg3 Nh5 29.Qh4 e5 30.dxe6
d5 31.c5 Qc7 32.g3 Nf6 33.Rde1 {#r} 1-0

[Event "It (open)"]
[Site "masterchessopen.com Gjovik (Norway)"]
[Date "2009.01.05"]
[Round "7"]
[White "Kvisla Johannes Luangtep (NOR)"]
[Black "Larsen Tor Kristian (NOR)"]
[Result "1-0"]
[WhiteElo "2222"]
[BlackElo "2075"]

1.e4 c5 2.Nf3 Nc6 3.d4 cxd4 4.Nxd4 g6 5.c4 Bg7 6.Nc2 Nf6 7.Nc3 d6 8.Be2 O-O
9.O-O Nd7 10.Bd2 a5 11.Qc1 Nc5 12.Bh6 f5 13.Bxg7 Kxg7 14.exf5 Bxf5 15.Rd1 Qe8
16.Ne3 Be6 17.Ned5 Qf7 18.Qe3 Rac8 19.Rf1 Qf5 20.Rae1 Rfe8 21.a3 Bf7 22.b4
axb4 23.axb4 Ne6 24.Bd3 Qh5 25.f4 Ncd4 26.Qf2 Kg8 27.Re3 Qh6 28.Rg3 Kh8 29.Ne3
Ra8 30.f5 Nxf5 31.Nxf5 gxf5 32.Qxf5 Bg8 33.Rh3 Qg7 34.Rg3 Qh6 35.Qf3 Rab8
36.Qe4 Nd8 37.Nd5 Be6 38.Qd4+ {#r} 1-0

[Event "Memorial V.Chebanenko (cat.1)"]
[Site "masterchessopen.com Kishinev (Moldova)"]
[Date "2009.02.07"]
[Round "10"]
[White "Vavric Pavel (MDA)"]
[Black "Loy Konstantin (UKR)"]
[Result "1-0"]
[WhiteElo "2194"]
[BlackElo "2135"]

1.e4 c5 2.Ne2 g6 3.d4 cxd4 4.Nxd4 Bg7 5.c4 Nc6 6.Nc2 Nf6 7.Nc3 O-O 8.Be2 b6
9.Be3 Bb7 10.Qd2 Rc8 11.f3 d6 12.O-O Nd7 13.Rad1 f5 14.exf5 Rxf5 15.f4 Rf8
16.Bf3 Nf6 17.b3 Qd7 18.h3 Nd8 19.Nd5 Nxd5 20.cxd5 Ba6 21.Bg4 Qc7 22.Rf2 Rb8
23.Nd4 Qb7 24.Ne6 Nxe6 25.Bxe6+ Kh8 26.Bd4 h6 27.f5 g5 28.h4 Be5 29.hxg5 Qc7
30.gxh6 Bxd4 31.Qxd4+ Rf6 32.g4 Qc5 33.g5 Qxd4 34.Rxd4 Rff8 35.g6 Rf6 36.Rg4
{#r} 1-0

[Event "Ch Extremadura (team)"]
[Site "masterchessopen.com Extremadura (Spain)"]
[Date "2009.03.21"]
[Round "9"]
[White "Perez Candelario Manuel (ESP)"]
[Black "Escobar Felix Eduardo (ESP)"]
[Result "1-0"]
[WhiteElo "2517"]
[BlackElo "2156"]

1.e4 c5 2.Nf3 g6 3.d4 cxd4 4.Nxd4 Bg7 5.c4 Nc6 6.Nc2 d6 7.Be2 f5 8.exf5 Bxf5
9.Ne3 Be6 10.O-O Nh6 11.Bf3 O-O 12.Bd5 Bf7 13.Nc3 Kh8 14.Bd2 e6 15.Be4 Nf5
16.Rc1 Qd7 17.b3 Rad8 18.Bb1 Nfe7 19.Ne4 d5 20.cxd5 exd5 21.Nc5 Qc8 22.Ng4 b6
23.Nd3 Be6 24.Nge5 Bd7 25.Bg5 Bf6 26.Bh6 Bg7 27.Bxg7+ Kxg7 28.Nb4 Qb7 29.Nexc6
Bxc6 30.Qd4+ Kg8 31.Rfe1 Be8 32.Qe5 Rd7 33.Bd3 Nf5 34.Bxf5 gxf5 35.Nc6 Rg7
36.Ne7+ Kh8 37.Rc7 {#r} 1-0

[Event "Ch France (team) (nat.1) 2008/09"]
[Site "masterchessopen.com France"]
[Date "2009.04.05"]
[Round "11"]
[White "Netzer Jacques (FRA)"]
[Black "Pelletier Rachel (FRA)"]
[Result "1-0"]
[WhiteElo "2147"]
[BlackElo "1780"]

1.e4 c5 2.Nf3 Nc6 3.d4 cxd4 4.Nxd4 g6 5.c4 Bg7 6.Nc2 Nf6 7.Nc3 d6 8.Be2 O-O
9.O-O Be6 10.Bg5 Rc8 11.Qd2 Re8 12.f4 Qa5 13.Rab1 Nb4 14.Ne3 Qb6 15.Kh1 a5
16.a3 Nc6 17.b4 axb4 18.axb4 Ra8 19.b5 Nd4 20.f5 Nxe2 21.Qxe2 Bd7 22.Ned5 Nxd5
23.Nxd5 Qc5 24.Bxe7 gxf5 25.exf5 f6 26.Qg4 Rxe7 27.Nxe7+ Kf7 28.Rbe1 Rh8
29.Nd5 Re8 30.Rxe8 Bxe8 31.Re1 Kf8 32.Rxe8+ Kxe8 33.Qxg7 {#r} 1-0

[Event "Tournament (juniors) (under 14)"]
[Site "masterchessopen.com Sielpia (Poland)"]
[Date "2009.04.30"]
[Round "5"]
[White "Grzeskow Adrian (POL)"]
[Black "Chmielecki Michal (POL)"]
[Result "1-0"]
[WhiteElo "1741"]
[BlackElo "1729"]

1.e4 c5 2.Nf3 Nc6 3.d4 cxd4 4.Nxd4 g6 5.c4 Bg7 6.Nc2 Nf6 7.Nc3 d6 8.Be2 O-O
9.Be3 a6 10.O-O Bd7 11.Qd2 Rc8 12.Rac1 Ne5 13.b3 Bc6 14.f3 Re8 15.Nd5 Nxd5
16.exd5 Bd7 17.f4 Ng4 18.Bxg4 Bxg4 19.h3 Bd7 20.a4 a5 21.Qf2 Ra8 22.Bb6 Qc8
23.Nd4 Ra6 24.Nb5 Rxb6 25.Qxb6 Qc5+ 26.Qxc5 dxc5 27.Nc3 Bd4+ 28.Kh2 h5 29.Ne2
Be3 30.Rc3 Bd2 31.Rd3 Bb4 32.Ng3 h4 33.Ne4 Bf5 34.Re3 f6 35.Nxf6+ {#r} 1-0

[Event "It (cat.9)"]
[Site "masterchessopen.com Santiago (Cuba)"]
[Date "2009.05.15"]
[Round "1"]
[White "Bruzon Lazaro (CUB)"]
[Black "Martinez Lelys (CUB)"]
[Result "1-0"]
[WhiteElo "2619"]
[BlackElo "2507"]

1.e4 c5 2.Nf3 Nc6 3.d4 cxd4 4.Nxd4 g6 5.c4 Bg7 6.Nc2 d6 7.Be2 Nf6 8.Nc3 O-O
9.O-O Ne8 10.Be3 Bxc3 11.bxc3 Qa5 12.Bh6 Ng7 13.Rb1 Qxa2 14.Ne3 Qa5 15.Nd5 Qd8
16.f4 f6 17.f5 Ne5 18.Qd2 Nf7 19.Be3 b6 20.Rf3 g5 21.h4 h6 22.hxg5 hxg5 23.Rh3
Bb7 24.Kf2 Rc8 25.Rbh1 Rc5 26.Bxc5 dxc5 27.Bh5 Nxh5 28.Rxh5 Qd6 29.Qe3 Bxd5
30.exd5 Qe5 31.Qh3 Qf4+ 32.Ke2 Qxc4+ 33.Kd2 Qf4+ 34.Kc2 Qe4+ 35.Kb2 Qe2+
36.Kc1 {#r} 1-0

[Event "Extraliga (w)"]
[Site "masterchessopen.com Frydek-Mistek (Czech Republic)"]
[Date "2009.05.16"]
[Round "5"]
[White "Miturova Magdalena (CZE)"]
[Black "Pekarkova Eva (CZE)"]
[Result "0-1"]
[WhiteElo "1971"]
[BlackElo "1952"]

1.e4 c5 2.Nf3 Nc6 3.d4 cxd4 4.Nxd4 g6 5.c4 Bg7 6.Nc2 Nf6 7.Nc3 O-O 8.Be2 d6
9.O-O Bd7 10.Rb1 Rc8 11.Ne3 Ne8 12.Ncd5 e6 13.Nc3 Nd4 14.b3 Bc6 15.Qd3 Nc7
16.Bb2 b5 17.f3 bxc4 18.bxc4 Rb8 19.Ba3 Na6 20.Nb5 Bxb5 21.cxb5 Nc5 22.Qd2 Qg5
23.Bb2 e5 24.Bxd4 exd4 25.Nc4 Qxd2 26.Nxd2 d3 27.Bd1 Rfc8 28.a4 Bc3 29.Nc4
Nxe4 30.fxe4 Rxc4 31.Bb3 Rxe4 32.Rxf7 Kh8 33.Rf3 d2 34.Rd1 Bd4+ 35.Kh1 Re1+
36.Rf1 Rbe8 37.g3 R8e3 38.Bc2 Rc3 39.Rfxe1 dxe1=Q+ {#R} 0-1

[Event "It (open)"]
[Site "masterchessopen.com Barbera (Spain)"]
[Date "2009.07.07"]
[Round "4"]
[White "Martin Grillo Ruben (ESP)"]
[Black "Vehi Bach Victor M (ESP)"]
[Result "0-1"]
[WhiteElo "2218"]
[BlackElo "2387"]

1.Nf3 c5 2.c4 g6 3.d4 cxd4 4.Nxd4 Bg7 5.e4 Nc6 6.Nc2 Nf6 7.Nc3 d6 8.Be2 Nd7
9.Bd2 O-O 10.O-O a5 11.Qc1 Nc5 12.Bh6 Bxh6 13.Qxh6 f5 14.exf5 Bxf5 15.Ne3 Nd4
16.Nxf5 gxf5 17.Rad1 e5 18.Bd3 Rf6 19.Qh3 Nxd3 20.Rxd3 f4 21.Nd5 Rf7 22.Rxd4
exd4 23.Nxf4 Qc8 24.Qg3+ Rg7 25.Qd3 Qg4 26.Qxd4 Rf8 27.Qd5+ Kh8 28.Ne6 Rf5
29.f3 Qxg2# 0-1

[Event "It (open)"]
[Site "masterchessopen.com Karvina (Czech Republic)"]
[Date "2009.07.07"]
[Round "4"]
[White "Miturova Magdalena (CZE)"]
[Black "Jacko-Jun Vladimir (SVK)"]
[Result "1-0"]
[WhiteElo "1971"]
[BlackElo "2079"]

1.e4 c5 2.Nf3 Nc6 3.d4 cxd4 4.Nxd4 g6 5.c4 Bg7 6.Nc2 d6 7.Be2 Nf6 8.Nc3 a5
9.O-O O-O 10.Na3 Bd7 11.Be3 Ne5 12.Nd5 Bc6 13.Bb6 Qd7 14.Nxf6+ Bxf6 15.f4 Bxe4
16.fxe5 Bxe5 17.Bd4 Qe6 18.Bf3 Bc6 19.Qd2 f5 20.Bc3 Qf6 21.Rac1 g5 22.Nb5 g4
23.Bd5+ Kh8 24.Nc7 Rac8 25.Ne6 Rg8 26.Qd3 Bxd5 27.cxd5 Rxc3 28.bxc3 f4 29.Kh1
Rg6 30.Rc2 Rh6 31.g3 f3 32.Qc4 Rg6 33.Nf4 Rh6 34.Qc8+ Kg7 35.Qxg4+ {#r} 1-0

[Event "Ch France (open) (a)"]
[Site "masterchessopen.com Nimes (France)"]
[Date "2009.08.18"]
[Round "7"]
[White "Candy Romain (FRA)"]
[Black "Lam Sophie (FRA)"]
[Result "1-0"]
[WhiteElo "2112"]
[BlackElo "2076"]

1.e4 c5 2.Nf3 Nc6 3.d4 cxd4 4.Nxd4 g6 5.c4 Bg7 6.Nc2 Nf6 7.Nc3 d6 8.Be2 O-O
9.O-O Bd7 10.Be3 Ne5 11.f3 Bc6 12.Qd2 Qc7 13.Rac1 Rfd8 14.Qe1 Ned7 15.Qf2 b6
16.Nb4 Nf8 17.Ncd5 Bxd5 18.cxd5 Qd7 19.Nc6 Rdc8 20.Ba6 Rc7 21.Qc2 Ne8 22.Qb3
h6 23.Rc4 Nh7 24.Re1 Nef6 25.Ra4 e6 26.Bb5 Rac8 27.Rd1 exd5 28.Nxa7 Qe6
29.Nxc8 Rxc8 30.exd5 Qf5 31.Qd3 Qxd3 32.Rxd3 Rc2 33.Ra8+ {#r} 1-0

[Event "It (open)"]
[Site "masterchessopen.com Vladimir (Russia)"]
[Date "2009.08.19"]
[Round "1"]
[White "Danin Alexandre (RUS)"]
[Black "Simonov Vladimir (RUS)"]
[Result "1-0"]
[WhiteElo "2512"]
[BlackElo "2231"]

1.e4 c5 2.Nf3 g6 3.d4 cxd4 4.Nxd4 Bg7 5.c4 Nc6 6.Nc2 d6 7.Be2 Nf6 8.Nc3 Nd7
9.Bd2 Nc5 10.O-O O-O 11.b4 Bxc3 12.Bxc3 Nxe4 13.Bb2 Qb6 14.a3 d5 15.b5 Nc5
16.Ne3 Be6 17.Rb1 Ne5 18.Kh1 f6 19.f4 Nf7 20.g4 g5 21.f5 Bd7 22.Nxd5 Qd8
23.Qd4 Ne5 24.Rbd1 Rf7 25.Qe3 Rc8 26.Rd2 Kg7 27.Kg2 h6 28.h4 e6 29.Nxf6 Rxf6
30.hxg5 hxg5 31.Rd6 Nf7 32.fxe6 Nxd6 33.Qxg5+ {#r} 1-0

[Event "It (open)"]
[Site "masterchessopen.com Rewal (Poland)"]
[Date "2009.08.20"]
[Round "1"]
[White "Poswiatowski Michal (POL)"]
[Black "Zapolski Krzysztof (POL)"]
[Result "0-1"]
[WhiteElo "1888"]
[BlackElo "2244"]

1.e4 c5 2.Nf3 Nc6 3.d4 cxd4 4.Nxd4 g6 5.c4 Bg7 6.Nc2 Nf6 7.Nc3 O-O 8.Be2 d6
9.O-O Be6 10.Bd2 Rc8 11.Rc1 Nd7 12.b3 Nc5 13.Ne3 Nd4 14.Ned5 Bxd5 15.exd5 e5
16.dxe6 fxe6 17.b4 Nd7 18.Ne4 Ne5 19.Bc3 Nxe2+ 20.Qxe2 Rxc4 21.f4 Qb6+ 22.Kh1
Qc6 23.Nc5 dxc5 24.Bxe5 Re4 25.Qc2 Bxe5 26.fxe5 Rxf1+ 27.Rxf1 Rxe5 28.Qd2 Qd5
29.Qc2 Rf5 30.Rd1 Rf2 31.Qxf2 Qxd1+ 32.Qg1 Qxg1+ 33.Kxg1 cxb4 34.Kf2 a5 35.Ke3
a4 {#R} 0-1

[Event "It (open)"]
[Site "masterchessopen.com Vienna (Austria)"]
[Date "2009.08.22"]
[Round "8"]
[White "Wronn Bernd (GER)"]
[Black "Barle Janez (SLO)"]
[Result "0-1"]
[WhiteElo "2251"]
[BlackElo "2411"]

1.Nf3 c5 2.c4 g6 3.d4 cxd4 4.Nxd4 Bg7 5.e4 Nc6 6.Nc2 d6 7.Be2 Nf6 8.Nc3 Nd7
9.Bd2 Nc5 10.f3 O-O 11.b4 Ne6 12.Rc1 Ned4 13.Nxd4 Nxd4 14.Bd3 a5 15.b5 Ne6
16.Nd5 Nc5 17.Bg5 f6 18.Be3 e6 19.Nc3 f5 20.Bb1 b6 21.Qd2 Bb7 22.exf5 gxf5
23.O-O Qc7 24.Rfe1 Rad8 25.Rcd1 Qf7 26.Qc2 Qg6 27.Kh1 Kh8 28.Na4 Rg8 29.Nxb6
Qh5 30.Bg1 Bf6 31.Qe2 Rxg2 32.Kxg2 Rg8+ 33.Kf2 Qh4+ 34.Kf1 Qh3+ 35.Kf2 Rg2+
36.Ke3 Rxe2+ 37.Rxe2 Qxf3+ 38.Kd2 Qc3# 0-1

[Event "Ch Croatia (team)"]
[Site "masterchessopen.com Sibenik (Croatia)"]
[Date "2009.09.26"]
[Round "6"]
[White "Saric Ivan (CRO)"]
[Black "Feletar Darko (CRO)"]
[Result "1-0"]
[WhiteElo "2561"]
[BlackElo "2387"]

1.e4 c5 2.Nf3 g6 3.d4 cxd4 4.Nxd4 Bg7 5.c4 Nc6 6.Nc2 d6 7.Be2 f5 8.exf5 Bxf5
9.O-O Nh6 10.Nc3 O-O 11.Ne3 Nd4 12.Nxf5 Nhxf5 13.Bd3 Qd7 14.Bd2 Kh8 15.Qa4 Qc8
16.Kh1 Nh4 17.f4 e5 18.Be4 exf4 19.Bxf4 Qg4 20.h3 Qh5 21.Bxd6 Rxf1+ 22.Rxf1
Ne2 23.Qd1 Nxc3 24.Qxh5 gxh5 25.bxc3 Rd8 26.c5 b6 27.c6 {#r} 1-0

[Event "It (open)"]
[Site "masterchessopen.com Bad Wiessee (Germany)"]
[Date "2009.11.02"]
[Round "4"]
[White "Naumann Alexander (GER)"]
[Black "Meister Peter (GER)"]
[Result "1-0"]
[WhiteElo "2522"]
[BlackElo "2396"]

1.c4 c5 2.Nf3 g6 3.d4 cxd4 4.Nxd4 Bg7 5.e4 Nc6 6.Nc2 Nf6 7.Nc3 O-O 8.Be2 b6
9.O-O Bb7 10.f3 d6 11.Bg5 Rc8 12.Qd2 a6 13.Rac1 Re8 14.Kh1 Ne5 15.b3 Qc7
16.Nd5 Nxd5 17.cxd5 Qb8 18.Nd4 Rxc1 19.Rxc1 e6 20.f4 Nd7 21.Nc6 Qa8 22.Bf3 e5
23.f5 gxf5 24.Ne7+ Rxe7 25.Bxe7 fxe4 26.Bxe4 Nc5 27.Bf5 Bxd5 28.Qg5 h6 29.Qg4
Ne6 30.Bxd6 h5 31.Qxh5 {#r} 1-0

[Event "It (open)"]
[Site "masterchessopen.com Bad Wiessee (Germany)"]
[Date "2009.11.07"]
[Round "9"]
[White "Bromberger Stefan (GER)"]
[Black "Nguyen Piotr (POL)"]
[Result "1-0"]
[WhiteElo "2510"]
[BlackElo "2368"]

1.e4 c5 2.Nf3 g6 3.d4 cxd4 4.Nxd4 Bg7 5.c4 Nc6 6.Nc2 Nh6 7.Nc3 O-O 8.h4 f5
9.h5 Ng4 10.hxg6 hxg6 11.exf5 gxf5 12.Be2 d6 13.Bxg4 fxg4 14.Bh6 Qe8 15.Bxg7
Kxg7 16.Qd2 Qg6 17.O-O-O Bf5 18.Ne3 Ne5 19.Qd4 Kg8 20.Ncd5 Qg7 21.f4 Ng6
22.Rh5 Qxd4 23.Rxd4 Bd7 24.f5 Ne5 25.Nxe7+ Kg7 26.Nxg4 Rae8 27.Nxe5 Rxe7
28.Rg4+ Kf6 29.Rg6+ Kxe5 30.f6+ Kd4 31.fxe7 Rf1+ 32.Kd2 Be8 33.Rg4+ {#r} 1-0

[Event "It (open) \"]
[Site "masterchessopen.com Belgrade (Serbia)"]
[Date "2009.11.30"]
[Round "7"]
[White "Manelidou Maria (GRE)"]
[Black "Zivkovic Sava (SRB)"]
[Result "0-1"]
[WhiteElo "2008"]
[BlackElo "2268"]

1.e4 c5 2.Nf3 Nc6 3.d4 cxd4 4.Nxd4 g6 5.c4 Bg7 6.Nc2 d6 7.Be2 Qb6 8.Nc3 Bxc3+
9.bxc3 Nf6 10.Be3 Qa5 11.Qd3 Ne5 12.Qd4 Nc6 13.Qd3 Nxe4 14.Bf3 Nf6 15.Bd4 Bf5
16.Bxc6+ bxc6 17.Qf3 Be4 {#R} 0-1

[Event "It (open)"]
[Site "masterchessopen.com Figueira da Foz (Portugal)"]
[Date "2009.12.01"]
[Round "4"]
[White "Sousa Joa"]
[Black "Andias J"]
[Result "1-0"]
[WhiteElo "1852"]
[BlackElo "1711"]

1.e4 c5 2.Nf3 Nc6 3.d4 cxd4 4.Nxd4 g6 5.c4 Bg7 6.Nc2 Nf6 7.Nc3 O-O 8.Be2 d6
9.Be3 Qa5 10.O-O Nd7 11.Qd2 Nc5 12.f3 Bxc3 13.Qxc3 Qxc3 14.bxc3 Na4 15.Bd2 Be6
16.Nd4 Na5 17.Nxe6 fxe6 18.Rab1 Rac8 19.e5 b6 20.Rb4 Nc5 21.exd6 exd6 22.Bh6
Rf7 23.Rd1 Ncb7 24.f4 Rfc7 25.Bg4 Kf7 26.Re1 Re8 27.Be2 Nc5 28.Rd1 Ncb7 29.Re1
Rec8 30.Bg4 Nc5 31.Re3 Re8 32.Be2 Nc6 33.Rb1 Ne7 34.g4 Nb7 35.Rf1 Na5 36.f5
exf5 37.gxf5 Rec8 38.fxg6+ Kg8 39.g7 Nf5 {#r} 1-0

[Event "Ch Denmark (team) 2009/10"]
[Site "masterchessopen.com Denmark"]
[Date "2009.12.06"]
[Round "3"]
[White "Rasmussen Allan Stig (DEN)"]
[Black "Matthiesen Arne (DEN)"]
[Result "1-0"]
[WhiteElo "2536"]
[BlackElo "2324"]

1.e4 c5 2.Nf3 Nc6 3.d4 cxd4 4.Nxd4 g6 5.c4 Bg7 6.Nc2 Nf6 7.Nc3 O-O 8.Be2 d6
9.O-O Nd7 10.Bd2 a5 11.Qc1 Re8 12.Rd1 Nc5 13.f3 b6 14.Bh6 Bh8 15.Qd2 Bb7
16.Rab1 Qd7 17.Nd5 Qd8 18.Bg5 Na7 19.Bf1 Nc8 20.b3 Bc6 21.a3 Qd7 22.Be3 e6
23.Nc3 Qe7 24.Nd4 Bb7 25.Bf2 Be5 26.b4 axb4 27.axb4 Nd7 28.Ndb5 Nf6 29.Bd4
Bxd4+ 30.Qxd4 e5 31.Qe3 Bc6 32.g3 Bxb5 33.Nxb5 Rd8 34.Bh3 Ne8 35.Nc3 Rb8
36.Nd5 Qb7 37.Qg5 Kg7 38.Qxd8 {#r} 1-0

[Event "It (open)"]
[Site "masterchessopen.com Zurich (Switzerland)"]
[Date "2009.12.27"]
[Round "3"]
[White "Gloor Roger (SUI)"]
[Black "Turner Matthew (ENG)"]
[Result "0-1"]
[WhiteElo "2094"]
[BlackElo "2517"]

1.e4 c5 2.Nf3 g6 3.d4 cxd4 4.Nxd4 Bg7 5.c4 Nc6 6.Nc2 d6 7.Be2 f5 8.exf5 Bxf5
9.O-O Nh6 10.Nc3 O-O 11.Be3 Bxc2 12.Qxc2 Nf5 13.Bg4 Ne5 14.Bxf5 gxf5 15.Nd5
Rc8 16.Rac1 b5 17.c5 dxc5 18.Rfd1 e6 19.Nf4 Qe8 20.Bxc5 Bh6 21.Qd2 Rf7 22.Be3
Nc4 23.Qe2 e5 24.Nd5 f4 25.Bxa7 f3 26.Qe4 Bxc1 27.Rxc1 Qe6 28.Be3 Rcf8 29.Bc5
Rd8 30.Rd1 Rfd7 {#R} 0-1

[Event "Ch Provinciale VE"]
[Site "masterchessopen.com Venice (Italy)"]
[Round "4"]
[White "Pasqualetto Lorenzo (ITA)"]
[Black "Greco Alvise"]
[Result "1-0"]
[WhiteElo "1709"]
[BlackElo "1407"]

1.e4 c5 2.Nf3 Nc6 3.d4 cxd4 4.Nxd4 g6 5.c4 Bg7 6.Nc2 Nf6 7.Nc3 d6 8.Be2 O-O
9.O-O a5 10.Bd2 Nd7 11.Na3 Nc5 12.Nab5 a4 13.Rb1 Nd4 14.Nxd4 Bxd4 15.Bh6 Bg7
16.Bxg7 Kxg7 17.Bg4 Qa5 18.Bxc8 Rfxc8 19.Qd4+ Kg8 20.Nd5 Kf8 21.Qh8# 1-0